000 00543nam a2200181 a 4500
003 BD-DhJNU
005 20250831043329.0
008 250501s1973 ii a b 001 0 eng
040 _aBD-DhJNU
_bENG
_cBD-DhJNU
_dBD-DhJNU
082 0 0 _a947 VEH
_223
100 1 _aVernadsky, George
245 1 0 _aA history of Russia /
_cGeorge Vernadsky
260 _aNew Haven :
_bYale University Press,
_c1973.
300 _a514 p. :
_bill. ;
_c22 cm.
504 _aIncludes bibliographical references and index.
650 0 _aSoviet Union History
942 _cBK
999 _c2047
_d2047